LEADER 03939oam 22006254a 450 001 9910971830203321 005 20240505181131.0 010 $a9781526111920 010 $a1526111926 010 $a9781526111937 010 $a1526111934 024 7 $a10.7765/9781526111937 035 $a(CKB)3710000001018511 035 $a(MiAaPQ)EBC4777262 035 $a(OCoLC)980845655 035 $a(MdBmJHUP)muse59427 035 $a(iGPub)MUPB0000491 035 $a(DE-B1597)660454 035 $a(DE-B1597)9781526111937 035 $a(Perlego)1526988 035 $a(EXLCZ)993710000001018511 100 $a20141120d2014 uy 0 101 0 $aspa 135 $aurcnu|||||||| 181 $2rdacontent 182 $2rdamedia 183 $2rdacarrier 200 00$aSpanish contemporary poetry$eAn anthology /$fedited with an introduction, critical analysis, notes and vocabulary by Diana Cullell 205 $a1st ed. 210 1$aManchester, [New Hampshire] ;$aNew York, New York :$cManchester University Press,$d2014. 210 2$a[Place of distribution not identified] :$cPalgrave Macmillan,$d[date of distribution not identified] 210 4$d©2014 215 $a1 online resource (185 pages) 225 0 $aHispanic texts 311 08$a9780719090950 311 08$a0719090954 311 08$a9780719090943 311 08$a0719090946 320 $aIncludes bibliographical references (pages 34-41). 327 $aSpanish contemporary poetry: An anthology -- Hlaf Title Page -- Title Page -- Copyright Page -- Contents -- Preface -- Acknowledgements -- Introduction -- Spanish contemporary poetry: a brief mention of its precedents -- The novísimos and the cultural transition (mid-1960s-1980) -- The power of poetry written by women (1980s-early 1990s) -- Poetry of experience and poetry of difference (late 1980s-1990s) -- The turn of a new millennium (late 1990s-2005) -- Young voices and new expressions (2005-2013) -- Bibliography -- Text and commentaries -- Part I -- The novísimos and the cultural transition -- The power of poetry written by women -- Poetry of experience and poetry of difference -- Part II -- The turn of a new millennium -- Young voices and new expressions -- Temas de debate y discusión -- List of rhetorical and metrical terms -- Selected vocabulary. 330 $aSpanish contemporary poetry: An anthology presents a selection of Spanish peninsular poetry from the 1970s to the present day, with an introductory study of the most relevant poetic trends and poetic groups of the period, followed by guided and close readings of each poem. The anthology includes poems by twenty-two authors selected according to their literary rigour and with attention to the relevance of their work, a comprehensive introductory study, notes, thorough individual commentaries to the poems, and lists of selected vocabulary and rhetorical terms that provide accessibility to the anthology. The poetic selection is divided into sections and subsections in order to aid its pedagogical intent, covering: the poetry written during the transition to democracy; the emergence of poetry written by women in the 1980s; the Spanish poetic field of the 1990s; the poetry written at the turn of the new millennium; and some of the youngest voices in Spanish poetry today. English-speaking students working in the field of Hispanic literature, but also a more general reader keen on literature written in Spanish language, should thoroughly enjoy this work. 410 0$aHispanic texts. 606 $aSpanish poetry$y21st century 606 $aSpanish poetry$y20th century 608 $aElectronic books. 615 0$aSpanish poetry 615 0$aSpanish poetry 676 $a861/.6408 702 $aCullell$b Diana 801 0$bMdBmJHUP 801 1$bMdBmJHUP 906 $aBOOK 912 $a9910971830203321 996 $aSpanish contemporary poetry$94366739 997 $aUNINA LEADER 04010oas 2201441 a 450 001 9910142635703321 005 20251105213014.0 011 $a1520-6688 035 $a(DE-599)ZDB2001670-0 035 $a(OCoLC)41411496 035 $a(CONSER) 00238269 035 $a(CKB)954925505260 035 $a(EXLCZ)99954925505260 100 $a19990521a19819999 sy a 101 0 $aeng 135 $aurcnu|||||||| 181 $ctxt$2rdacontent 182 $cc$2rdamedia 183 $acr$2rdacarrier 200 10$aJournal of policy analysis and management 210 $aNew York, N.Y. $cJohn Wiley & Sons $cAssociation for Public Policy Analysis and Management$d1981- 300 $aRefereed/Peer-reviewed 300 $aTitle from cover (JSTOR, viewed Apr. 14, 2006). 300 $aPublished: Hoboken, N.J. : Wiley Subscription Services, Inc. for the Association for Public Policy Analysis and Management, spring 2002- 311 08$a0276-8739 517 3 $aPolicy analysis and management 531 0 $aJ. policy anal. manag. 606 $aPolicy sciences$vPeriodicals 606 $aPolitical planning$zUnited States$vPeriodicals 606 $aPublic Health 606 $aPublic Policy 606 $aSocial Sciences 606 $aSociology 606 $aOrganization and Administration 606 $aSocial Planning 606 $aSciences de la politique$vPe?riodiques 606 $aPolitique publique$zE?tats-Unis$vPe?riodiques 606 $aPublic Policy & Administration$2ebps 606 $aPolicy sciences$2fast$3(OCoLC)fst01068796 606 $aPolitical planning$2fast$3(OCoLC)fst01069460 606 $aSocial policy$2fast$3(OCoLC)fst01122738 606 $aPolitische Wissenschaft$2gnd 606 $aZeitschrift$2gnd 606 $aOnline-Ressource$2gnd 607 $aUnited States$xSocial policy$vPeriodicals 607 $aE?tats-Unis$xPolitique sociale$vPe?riodiques 607 $aUnited States$2fast$1https://id.oclc.org/worldcat/entity/E39PBJtxgQXMWqmjMjjwXRHgrq 608 $aFulltext. 608 $aInternet Resources. 608 $aPeriodicals. 608 $aPeriodicals.$2fast 615 0$aPolicy sciences 615 0$aPolitical planning 615 12$aPublic Health. 615 12$aPublic Policy. 615 12$aSocial Sciences. 615 12$aSociology. 615 22$aOrganization and Administration. 615 22$aSocial Planning. 615 6$aSciences de la politique 615 6$aPolitique publique 615 7$aPublic Policy & Administration. 615 7$aPolicy sciences. 615 7$aPolitical planning. 615 7$aSocial policy. 615 7$aPolitische Wissenschaft. 615 7$aZeitschrift. 615 7$aOnline-Ressource 676 $a353 712 02$aAssociation for Public Policy Analysis and Management (U.S.) 801 0$bCSL 801 1$bCSL 801 2$bIUL 801 2$bNSD 801 2$bOCLCQ 801 2$bIUL 801 2$bEYM 801 2$bOCLCQ 801 2$bUKMGB 801 2$bOCLCQ 801 2$bOCLCA 801 2$bOCLCF 801 2$bDLC 801 2$bOCLCQ 801 2$bDEBBG 801 2$bDEFHM 801 2$bOCLCO 801 2$bOCLCA 801 2$bWT2 801 2$bNLE 801 2$bOCLCQ 801 2$bLND 801 2$bCASUM 801 2$bJ9U 801 2$bWYU 801 2$bOCLCA 801 2$bU3W 801 2$bVT2 801 2$bOCLCO 801 2$bOCLCA 801 2$bOCLCQ 801 2$bOCLCO 801 2$bNJT 801 2$bOCLCQ 801 2$bOCLCO 801 2$bOCLCA 801 2$bSFB 801 2$bOCLCA 801 2$bOCLCQ 801 2$bOCLCL 801 2$bOCLCA 801 2$bOCLCL 801 2$bLGG 801 2$bFJM 801 2$bUAB 801 2$bLIP 801 2$bFIE 801 2$bCEF 801 2$bOCLCQ 906 $aJOURNAL 912 $a9910142635703321 996 $aJournal of policy analysis and management$92279399 997 $aUNINA